Tax Fairness and Tax Morality: the Difficult Fight Against Tax Havens

Definícia pojmov offshore, tax haven, Letterbox Company, vyhýbanie sa daňovým povinnostiam a daňové úniky. Daňová spravodlivosť a daňová morálka a ovplyvňujúce faktory. Následky spôsobené daňovými rajmi a škodlivým daňovým správaním. Offshore systémy a ich význam pre globálnu ekonomiku. Nerovnosť v...

ver descrição completa

Na minha lista:
Detalhes bibliográficos
Autor principal: Krenn, Julia, 1994-
Formato: Capítulo de Livro
Idioma:inglês
Assuntos:
Tags: Adicionar Tag
Sem tags, seja o primeiro a adicionar uma tag!

MARC

LEADER 00000naa$a2200000$$$4500
001 0272538
005 20240502074309.3
041 0 |a eng 
044 |a SK 
245 1 0 |a Tax Fairness and Tax Morality: the Difficult Fight Against Tax Havens  |c Julia Krenn 
520 |a Definícia pojmov offshore, tax haven, Letterbox Company, vyhýbanie sa daňovým povinnostiam a daňové úniky. Daňová spravodlivosť a daňová morálka a ovplyvňujúce faktory. Následky spôsobené daňovými rajmi a škodlivým daňovým správaním. Offshore systémy a ich význam pre globálnu ekonomiku. Nerovnosť v dôsledku daňových rajov. 
610 2 0 |a morálka 
610 2 0 |a únik daňový 
610 2 0 |a offshoring 
610 2 0 |a spravodlivosť daňová 
610 2 0 |a dane 
610 2 0 |a raje daňové 
100 1 |a Krenn, Julia, 1994-